|
|
|
|
| LEADER |
01940nam a2200457 i 4500 |
| 001 |
EBC1717614 |
| 003 |
MiAaPQ |
| 005 |
20200520144314.0 |
| 006 |
m o d | |
| 007 |
cr cnu|||||||| |
| 008 |
140516t20142014dcua ob 000 0 eng d |
| 020 |
|
|
|z 9781464800856
|
| 020 |
|
|
|a 9781464821004
|q (electronic bk.)
|
| 035 |
|
|
|a (MiAaPQ)EBC1717614
|
| 035 |
|
|
|a (Au-PeEL)EBL1717614
|
| 035 |
|
|
|a (CaPaEBR)ebr10867286
|
| 035 |
|
|
|a (CaONFJC)MIL621881
|
| 035 |
|
|
|a (OCoLC)880457645
|
| 040 |
|
|
|a MiAaPQ
|b eng
|e rda
|e pn
|c MiAaPQ
|d MiAaPQ
|
| 043 |
|
|
|a d------
|
| 050 |
|
4 |
|a HJ1620
|b .K757 2014
|
| 082 |
0 |
|
|a 339.5091724
|2 23
|
| 100 |
1 |
|
|a Krishnamurti, Damodaran,
|e author.
|
| 245 |
1 |
0 |
|a Macroprudential policy framework :
|b a practice guide /
|c Damodaran Krishnamurti and Yejin Carol Lee.
|
| 264 |
|
1 |
|a Washington District of Columbia :
|b The World Bank,
|c 2014.
|
| 264 |
|
4 |
|c 2014
|
| 300 |
|
|
|a 1 online resource (75 pages) :
|b illustrations.
|
| 336 |
|
|
|a text
|2 rdacontent
|
| 337 |
|
|
|a computer
|2 rdamedia
|
| 338 |
|
|
|a online resource
|2 rdacarrier
|
| 490 |
0 |
|
|a World Bank Study
|
| 504 |
|
|
|a Includes bibliographical references.
|
| 588 |
|
|
|a Description based on online resource; title from PDF title page (ebrary, viewed May 15, 2014).
|
| 590 |
|
|
|a Electronic reproduction. Ann Arbor, MI : ProQuest, 2015. Available via World Wide Web. Access may be limited to ProQuest affiliated libraries.
|
| 650 |
|
0 |
|a Fiscal policy
|z Developing countries.
|
| 651 |
|
0 |
|a Developing countries
|x Economic policy.
|
| 655 |
|
4 |
|a Electronic books.
|
| 700 |
1 |
|
|a Lee, Yejin Carol,
|e author.
|
| 776 |
0 |
8 |
|i Print version:
|a Krishnamurti, Damodaran.
|t Macroprudential policy framework : a practice guide.
|d Washington District of Columbia : The World Bank, c2014
|h ix, 58 pages
|k World Bank study.
|z 9781464800856
|
| 797 |
2 |
|
|a ProQuest (Firm)
|
| 856 |
4 |
0 |
|u https://ebookcentral.proquest.com/lib/matrademy/detail.action?docID=1717614
|z Click to View
|